• 首页
  • 本馆介绍
  • 公告通知
  • 最新文献
  • 馆藏检索
  • 电子资源
  • 读者导购
  • 参考咨询
  • 我的图书馆
  • 登录
  • 详细信息显示
  • 放入我的书架
  • 预约/预借图书
  • 作者相关作品
  • 分类相关作品
  • 丛书相关作品
  • 出版社相关作品

书目信息

  • 表格格式
  • 工作单格式
  • 卡片格式
书名: Principles of microeconomics
作者: Robert H. Frank, Ben S. Bernanke = 微观经济学原理 / 罗伯特 H. 弗兰克, 本 S. 伯南克著.
分册号:
分册名:
出版地: 北京 :
 
出版社: 清华大学出版社
出版时间: 2014.
页数: xxvi, 346 p. :
开本: 26 cm.
丛书名:
中图分类号:
科图分类号:
其他分类号: F016
主题词:
电子资源:
000 01005cam a2200325 a 4500
001 E1554168968
005 20150330150401.31
008 080728s2014 cc a 001 0 eng
020    @a7302344027 :@cCNY42.00.
020    @a9787302344025.
040    @aPUL@cPUL
050 00 @aHB172@b.F72
082 00 @a338.5 @2 22
090    @aF016/X40(4)
092    @b华现14-008-076
093    @aF016 @2 5
099    @dF016@ex91
100 1  @aFrank, Robert H.
245 10 @aPrinciples of microeconomics / @cRobert H. Frank, Ben S. Bernanke = 微观经济学原理 / 罗伯特 H. 弗兰克, 本 S. 伯南克著.
246 31 @a微观经济学原理
250    @a5th ed.
260    @a北京 :@b清华大学出版社,@c2014.
300    @axxvi, 346 p. :@bill. ;@c26 cm.
490 0  @a清华经济学系列英文版教材
500    @aIncludes index.
534    @pReprint. Originally published:@cNew York : McGraw-Hill Irwin,c2013.@b5th ed.@z9780077318512.
650  0 @aMicroeconomics.
650 0  @a政治经济学@x概论
700 1  @aBernanke, Ben.
920    @a232010@z1
    
    Principles of microeconomics / / Robert H. Frank, Ben S. Bernanke = 微观经济学原理 / 罗伯特 H. 弗兰克, 本 S. 伯南克著.-5th ed.-北京 : : 清华大学出版社, , 2014.
    xxvi, 346 p. : : ill. ; ; 26 cm.- (清华经济学系列英文版教材)
    Includes index.
    
    ISBN 7302344027 :CNY42.00.
    
●
相关链接 在E读中查询图书 在五车中查询图书 在当当中查询图书 在豆瓣中查询图书


正题名:Principles of microeconomics     索取号:F016/x91         预约/预借

序号 登录号 条形码 馆藏地/架位号 状态 备注
1 0018124   300181247   第二样本阅览室/ [索取号:F016/x91] 在馆    
2 0018125   300181256   第四借阅区/ [索取号:F016/x91] 在馆    
3 0018126   300181265   第四借阅区/ [索取号:F016/x91] 在馆    
唐山师范学院图书馆 欢迎您!
大连网信软件有限公司© 版权所有